Sports Quiz

Random Sports or State Quiz

NASCAR Stats for the 2000s Quiz Stats

 Plays Quiz not verified by Sporcle

Score 0/170 Timer 15:00
0 Plays Today
% Correct
Jeff Gordon
98.9%
Jeff Gordon
98.9%
Jeff Gordon
98.9%
Jeff Gordon
98.9%
Jeff Gordon
98.9%
Jeff Gordon
98.9%
Jeff Gordon
98.9%
Jeff Gordon
98.9%
Jeff Gordon
98.9%
Jeff Gordon
98.9%
Jeff Gordon
98.9%
Jeff Gordon
98.9%
Jeff Gordon
98.9%
Jeff Gordon
98.9%
Jeff Gordon
98.9%
Jimmie Johnson
98.8%
Jimmie Johnson
98.8%
Jimmie Johnson
98.8%
Jimmie Johnson
98.8%
Jimmie Johnson
98.8%
Jimmie Johnson
98.8%
Jimmie Johnson
98.8%
Jimmie Johnson
98.8%
Jimmie Johnson
98.8%
Jimmie Johnson
98.8%
Jimmie Johnson
98.8%
Jimmie Johnson
98.8%
Jimmie Johnson
98.8%
Jimmie Johnson
98.8%
Jimmie Johnson
98.8%
Jimmie Johnson
98.8%
Jimmie Johnson
98.8%
Jimmie Johnson
98.8%
Jimmie Johnson
98.8%
Dale Earnhardt, Jr.
97.5%
Dale Earnhardt, Jr.
97.5%
Dale Earnhardt, Jr.
97.5%
Dale Earnhardt, Jr.
97.5%
Dale Earnhardt, Jr.
97.5%
Dale Earnhardt, Jr.
97.5%
Dale Earnhardt, Jr.
97.5%
Dale Earnhardt, Jr.
97.5%
Dale Earnhardt, Jr.
97.5%
Dale Earnhardt, Jr.
97.5%
Dale Earnhardt, Jr.
97.5%
Dale Earnhardt, Jr.
97.5%
Robby Gordon
97%
Robby Gordon
97%
Tony Stewart
97%
Tony Stewart
97%
Tony Stewart
97%
Tony Stewart
97%
Tony Stewart
97%
Tony Stewart
97%
Tony Stewart
97%
Tony Stewart
97%
Tony Stewart
97%
% Correct
Tony Stewart
97%
Tony Stewart
97%
Tony Stewart
97%
Tony Stewart
97%
Tony Stewart
97%
Kurt Busch
95.6%
Kurt Busch
95.6%
Kyle Busch
95.6%
Kurt Busch
95.6%
Kurt Busch
95.6%
Kurt Busch
95.6%
Kurt Busch
95.6%
Kurt Busch
95.6%
Kyle Busch
95.6%
Kurt Busch
95.6%
Kyle Busch
95.6%
Kurt Busch
95.6%
Kurt Busch
95.6%
Kyle Busch
95.6%
Matt Kenseth
92.6%
Matt Kenseth
92.6%
Matt Kenseth
92.6%
Matt Kenseth
92.6%
Matt Kenseth
92.6%
Matt Kenseth
92.6%
Matt Kenseth
92.6%
Matt Kenseth
92.6%
Matt Kenseth
92.6%
Matt Kenseth
92.6%
Matt Kenseth
92.6%
Kevin Harvick
90%
Kevin Harvick
89.9%
Kevin Harvick
89.9%
Kevin Harvick
89.9%
Kevin Harvick
89.9%
Kevin Harvick
89.9%
Kevin Harvick
89.9%
Kevin Harvick
89.9%
Ryan Newman
89.3%
Ryan Newman
89.3%
Ryan Newman
89.3%
Ryan Newman
89.3%
Ryan Newman
89.3%
Ryan Newman
89.3%
Ryan Newman
89.3%
Ryan Newman
89%
Bobby Labonte
88.1%
Mark Martin
88.1%
Mark Martin
88.1%
Mark Martin
88.1%
Mark Martin
88.1%
Bobby Labonte
88.1%
Mark Martin
88.1%
Bobby Labonte
88.1%
Mark Martin
88.1%
Bobby Labonte
88.1%
Mark Martin
88.1%
% Correct
Bobby Labonte
88.1%
Bobby Labonte
88.1%
Bobby Labonte
88.1%
Mark Martin
88.1%
Michael Waltrip
88%
Michael Waltrip
88%
Michael Waltrip
88%
Michael Waltrip
88%
Ward Burton
83.7%
Jeff Burton
83.7%
Jeff Burton
83.7%
Jeff Burton
83.7%
Jeff Burton
83.7%
Jeff Burton
83.7%
Jeff Burton
83.7%
Jeff Burton
83.7%
Carl Edwards
83.2%
Carl Edwards
83.2%
Kasey Kahne
82.6%
Kasey Kahne
82.6%
Kasey Kahne
82.6%
Kasey Kahne
82.6%
Dale Jarrett
80.1%
Dale Jarrett
80.1%
Dale Jarrett
80.1%
Greg Biffle
78.3%
Greg Biffle
78.3%
Greg Biffle
78.3%
Rusty Wallace
73.7%
Rusty Wallace
73.7%
Kenny Wallace
72.7%
None
70.8%
Bill Elliott
70.1%
Juan Pablo Montoya
69.4%
Jamie McMurray
68.8%
Casey Mears
67.6%
Joe Nemechek
60.9%
Ricky Rudd
57.9%
Sterling Marlin
56.5%
David Reutimann
52.9%
Elliott Sadler
52.7%
Elliott Sadler
52.7%
Hermie Sadler
52.2%
Brian Vickers
50.7%
Steve Park
46.4%
Dave Blaney
39.9%
Ken Schrader
38.3%
Todd Bodine
38.2%
Derrike Cope
36.1%
Morgan Shepherd
34.6%
Carl Long
28.6%
Dave Marcis
22.9%
Kevin Lepage
21.1%
Tony Raines
19.7%
Kirk Shelmerdine
19.3%
Stanton Barrett
10.5%

You're not logged in!

Compare scores with friends on all Sporcle quizzes.
OR
Log In

Show Comments

Extras

Top Quizzes Today


Score Distribution

Your Account Isn't Verified!

In order to create a playlist on Sporcle, you need to verify the email address you used during registration. Go to your Sporcle Settings to finish the process.

Report this User

Report this user for behavior that violates our Community Guidelines.

Details: